AFI's 100 Years...100 Laughs - Die lustigsten Filmkomödien - Statistiken

Allgemein
  • Dieses Quiz wurde 5 mal gespielt
  • Das Durchschnittsergebnis liegt bei 26 aus 100
Antwortstatistiken
Bildquiz Hint Antwort % Korrekt
Das verflixte 7. Jahr
80%
Der Stadtneurotiker
80%
Die Reifeprüfung
80%
Du sollst mein Glücksstern sein
80%
Erhielt drei Fortsetzungen (1989, 2021, 2024), sowie ein Reboot mit Melissa McCarthy Ghostbusters – Die Geisterjäger
80%
Manche mögen’s heiß
80%
Mondsüchtig
80%
Arsen und Spitzenhäubchen
60%
Der General
60%
Der große Diktator
60%
Die Marx Brothers auf See / Affentheater
60%
Die Marx Brothers: Ein Tag beim Rennen
60%
Die Marx Brothers im Krieg
60%
Laurel und Hardy: Die Wüstensöhne
60%
Lichter der Großstadt
60%
Manhattan
60%
M*A*S*H
60%
Moderne Zeiten
60%
Mrs. Doubtfire – Das stachelige Kindermädchen
60%
Skandal in der Oper
60%
Tootsie
60%
Und täglich grüßt das Murmeltier
60%
Cat Ballou – Hängen sollst du in Wyoming
40%
Das Appartement
40%
Erhielt 1982 eine Fortsetzung Die unglaubliche Reise in einem verrückten Flugzeug
40%
Dr. Seltsam oder: Wie ich lernte, die Bombe zu lieben
40%
Eine total, total verrückte Welt
40%
Erhielt vier indische Remakes (2002, 2005) Ein Fisch namens Wanda
40%
Wurde 2014 als Serie neu verfilmt Fargo
40%
Good Morning, Vietnam
40%
Harold und Maude
40%
Harry und Sally
40%
Leoparden küßt man nicht
40%
Mein Freund Harvey
40%
Schütze Benjamin
40%
Verrückt nach Mary
40%
Ist ein Remake eines deutschen Films von 1933 Victor/Victoria
40%
American Diner
20%
Arizona Junior
20%
Bananas
20%
Erhielt drei Fortsetzungen (1987, 1994, 2024) Beverly Hills Cop
20%
Erhielt drei indische Remakes (2004, 2009) Big
20%
Erhielt fünf Fortsetzungen (1936, 1939, 1941, 1945, 1947) Der dünne Mann
20%
Der Schläfer
20%
Erhielt 1996 ein Remake mit Eddie Murphy, sowie 2008 eine animierte Fortsetzung Der verrückte Professor
20%
Die Falschspielerin
20%
Erhielt 1956 ein Remake mit Bing Crosby, Grace Kelly und Frank Sinatra Die Nacht vor der Hochzeit
20%
Ehekrieg
20%
Erhielt 1998 eine Fortsetzung Ein seltsames Paar
20%
Es geschah in einer Nacht
20%
Frankenstein Junior
20%
Erhielt 2005 ein Remake mit Uma Thurman und Will Ferrell Frühling für Hitler
20%
Goldrausch
20%
Is’ was, Doc?
20%
Erhielt 2024 eine Fortsetzung Lottergeist Beetlejuice
20%
Nachrichtenfieber – Broadcast News
20%
Erhielt 2007 ein Remake mit Ben Stiller und Michelle Monaghan Pferdewechsel in der Hochzeitsnacht
20%
Erhielt 1983 ein Remake mit Mel Brooks und Anne Bancroft, sowie 2008 ein indisches Remake Sein oder Nichtsein
20%
Shampoo
20%
Erhielt 2025 eine Fortsetzung This Is Spinal Tap
20%
Erhielt 1951 eine Fortsetzung, sowie zwei Remakes mit Steve Martin und Diane Keaton (1991) bzw. Andy García und Gloria Estefan (2022) Vater der Braut
20%
Woody, der Unglücksrabe
20%
Abbott und Costello treffen Frankenstein
0%
Erhielt 1979 eine Fortsetzung American Graffiti
0%
Annies Männer
0%
Erhielt 1988 eine Fortsetzung und 2011 ein Remake mit Russell Brand Arthur – Kein Kind von Traurigkeit
0%
Atemlos nach Florida
0%
Blühender Blödsinn
0%
Erhielt 1994 eine Fortsetzung City Slickers – Die Großstadt-Helden
0%
Das ist geschenkt
0%
Der Hofnarr
0%
Der Navigator
0%
Der Sportstudent
0%
Der Weg nach Marokko
0%
Der wilde wilde Westen
0%
Die Frau, von der man spricht
0%
Erhielt 1993 ein Remake mit Melanie Griffith und John Goodman Die ist nicht von gestern
0%
Die merkwürdige Zähmung der Gangsterbraut Sugarpuss
0%
Die schreckliche Wahrheit
0%
Die tolle Tante
0%
Erhielt 1989 ein TV-Remake Dinner um acht
0%
Ist eine Fortsetzung von "Der rosarote Panther", Erhielt sieben Fortsetzungen (1968, 1975, 1976, 1978, 1982, 1983, 1993) Ein Schuß im Dunkeln
0%
Ich glaub’, ich steh’ im Wald
0%
Ich glaub’, mich tritt ein Pferd
0%
Kopfüber in Amerika
0%
Mein Mann Godfrey
0%
Erhielt 2002 ein Remake mit Adam Sandler Mr. Deeds geht in die Stadt
0%
Ninotschka
0%
Nur meiner Frau zuliebe
0%
Erhielt 1984 eine TV-Fortsetzung Reichtum ist keine Schande
0%
Sein Mädchen für besondere Fälle
0%
Sensation in Morgan’s Creek
0%
Sherlock, jr.
0%
Sie tat ihm unrecht
0%
Sullivans Reisen
0%
Erhielt zwei Fortsetzungen (1938, 1941) Topper – Das blonde Gespenst
0%
Trans-Amerika-Express
0%
Erhielt 1988 eine Fortsetzung Wahnsinn ohne Handicap / Caddyshack
0%
Warum eigentlich … bringen wir den Chef nicht um?
0%
Willkommen Mr. Chance
0%
Keine übereinstimmenden Quizze gefunden
Verteilung der Resultate
Anzahl Personen mit jedem Resultat
Perzentil nach korrekt beantworteten Fragen
Ihre Resultats-Entwicklung
Sie haben dieses Quiz noch nicht gespielt